| 000 | 01146cab a2200265 4500 | ||
|---|---|---|---|
| 001 | ABS50062 | ||
| 008 | 090401t1994 xxu||||| |||| 00| 0 eng d | ||
| 035 | _a(Sirsi) u73934 | ||
| 041 | _aeng | ||
| 100 | _aAarons, L. | ||
| 245 | _aAdmissibility of arbitration evidence | ||
| 260 | _c1994 | ||
| 350 | _a0 | ||
| 490 |
_aRent Review & Lease Renewal _v14(1) 1994, 10-13(4) |
||
| 520 | _aStates evidence that is allowed in arbitration proceedings and the weight given to each: open market lettings, rent reviews settled by negotiation, independent expert surveyor determinations and arbitration awards settled by the court under Landlord and Tenant Act 1954, noting recent case law, which might affect the last type. Also mentions post-valuation date evidence and other unacceptable evidence. | ||
| 650 | _aARBITRATION AWARDS | ||
| 650 | _aCOMPARABLE | ||
| 650 | _aEVIDENCE | ||
| 650 | _aLAND SECURITIES V WESTMINSTER CC | ||
| 650 | _aPOST-VALUATION | ||
| 650 | _aRENT REVIEWS | ||
| 690 | _aMANAGEMENT-DISPUTE AVOIDANCE, MANAGEMENT AND RESOLUTION-DISPUTE MANAGEMENT AND RESOLUTION-ARBITRATION | ||
| 942 | _n0 | ||
| 948 | _c04/03/1997 | ||
| 999 |
_c46663 _d46663 |
||